00478nam a2200157Ia 4500008004100000020000700041082001600048100004200064245005400106250000700160260005200167300002300219500000700242600002100249650005000270240925s9999 xx 000 0 und d aNA a005.756 LAB aUIT Computer Systems Eng. Department 0aComputer Graphics Programming: laboratory manual  aNA aKarachi:bUsman Institute of Technologyc,2002. a84p.bNAfOriginal aNA aComputer Science aComputer science, information & general works